<?xml version="1.0" encoding="UTF-8"?>
<collection xmlns="http://www.loc.gov/MARC21/slim">
 <record>
  <leader>00674pamaa2200205   4500</leader>
  <controlfield tag="001">0000007931</controlfield>
  <controlfield tag="005">20060622090000.0</controlfield>
  <datafield tag="020" ind1="0" ind2="0">
   <subfield code="a">0071132953 </subfield>
  </datafield>
  <datafield tag="082" ind1=" " ind2=" ">
   <subfield code="a">629.832 DAZ 1995</subfield>
  </datafield>
  <datafield tag="090" ind1="0" ind2="0">
   <subfield code="a">TJ220 </subfield>
   <subfield code="b">DAZ 1995</subfield>
  </datafield>
  <datafield tag="100" ind1="1" ind2="0">
   <subfield code="a">D'AZZO </subfield>
  </datafield>
  <datafield tag="245" ind1="1" ind2="0">
   <subfield code="a">Linear control system analysis and design : </subfield>
   <subfield code="b">conventional and modern  </subfield>
   <subfield code="c">John J. D'Azzo, Constantine H. Houpis.</subfield>
  </datafield>
  <datafield tag="250" ind1="0" ind2="0">
   <subfield code="a">4th ed.</subfield>
  </datafield>
  <datafield tag="260" ind1="0" ind2="0">
   <subfield code="a">New York: </subfield>
   <subfield code="b">McGraw Hill, </subfield>
   <subfield code="c">1995.</subfield>
  </datafield>
  <datafield tag="300" ind1=" " ind2=" ">
   <subfield code="a">xviii, 763p.: </subfield>
   <subfield code="b">23cm.</subfield>
  </datafield>
  <datafield tag="440" ind1="0" ind2="0">
   <subfield code="a">McGraw Hill series in electrical and computer engineering. Control theory</subfield>
  </datafield>
  <datafield tag="650" ind1="0" ind2="0">
   <subfield code="a">Control theory </subfield>
  </datafield>
  <datafield tag="650" ind1="0" ind2="0">
   <subfield code="a">Automatic control </subfield>
  </datafield>
  <datafield tag="650" ind1="0" ind2="0">
   <subfield code="a">Linear control systems </subfield>
  </datafield>
  <datafield tag="700" ind1="1" ind2="1">
   <subfield code="a">Houpis, </subfield>
   <subfield code="h">Constantine H. </subfield>
  </datafield>
 </record>
</collection>
